Normal view
MARC view
Entry Personal Name
001 - CONTROL NUMBER
- control field: 2624
003 - CONTROL NUMBER IDENTIFIER
- control field: BD-RjUL
005 - DATE AND TIME OF LATEST TRANSACTION
- control field: 20220420142658.0
008 - FIXED-LENGTH DATA ELEMENTS
- fixed length control field: 220420|| aca||aabn | a|a d
040 ## - CATALOGING SOURCE
- Original cataloging agency: BD-RjUL
- Transcribing agency: BD-RjUL
100 ## - HEADING--PERSONAL NAME
- Personal name: [Amīn, Moṣṭafā] امين، مصطفى
670 ## - SOURCE DATA FOUND
- Source citation: Work cat.: (BD-RjUL)79739: [Šhākir, Amīn] ; شاكر، امين 1090, أضواء على الحبشة /'adwa' alaa alhabashat /, [١٩٥٤].